| 000 | 00357nam a22001457a 4500 | ||
|---|---|---|---|
| 008 | 210312b ||||| |||| 00| 0 eng d | ||
| 020 | _a9780123740120 | ||
| 041 | _aeng | ||
| 080 |
_24th _a33 |
||
| 082 | _a33 | ||
| 100 | _a58 | ||
| 101 | _aBIZ | ||
| 245 |
_aMergers, Acquisitions and other Restructuring Activities _cDePamphilis, D. M |
||
| 942 |
_2udc _cBK |
||
| 999 |
_c56482 _d56482 |
||